Γενική Χρηματοοικονομική Λογιστική / Αποτιμητική και Λογιστική Πληθωρισμού. (Record no. 4283)
[ view plain ]
| 000 -LEADER | |
|---|---|
| fixed length control field | 02986cam a22001934a 4500 |
| 005 - ΗΜΕΡΟΜΗΝΙΑ ΚΑΙ ΩΡΑ ΤΕΛΕΥΤΑΙΑΣ ΕΝΗΜΕΡΩΣΗΣ | |
| Πεδίο ελέγχου | 20250605164141.0 |
| 008 - FIXED-LENGTH DATA ELEMENTS--GENERAL INFORMATION | |
| Πεδίο ελέγχου σταθερού μήκους | 250528s ||||||||||||||||||||||||d |
| 035 ## - SYSTEM CONTROL NUMBER | |
| System control number | 18991 |
| 040 ## - ΠΗΓΗ ΚΑΤΑΛΟΓΟΓΡΑΦΗΣΗΣ | |
| Φορέας πρωτότυπης καταλογογράφησης | MC Athens Campus Library |
| Γλώσσα καταλογογράφησης | Ελληνικά, Μοντέρνα (1453-) |
| Modifying agency | MC Athens Campus Library |
| Κανόνες περιγραφικής καταλογογράφησης | AACR2 |
| 245 1# - ΤΙΤΛΟΣ ΚΑΙ ΔΗΛΩΣΗ ΥΠΕΥΘΥΝΟΤΗΤΑΣ | |
| Τίτλος | Γενική Χρηματοοικονομική Λογιστική / Αποτιμητική και Λογιστική Πληθωρισμού. |
| Number of part/section of a work | Τόμος Δεύτερος |
| 260 ## - PUBLICATION, DISTRIBUTION, ETC. | |
| Name of publisher, distributor, etc. | Παπαζήση, |
| Date of publication, distribution, etc. | 1989 |
| 300 ## - PHYSICAL DESCRIPTION | |
| Extent | 256 |
| 505 0# - FORMATTED CONTENTS NOTE | |
| Formatted contents note | Γενική Εισαγωγή, Αποτιμητική των Επιχειρήσεων και των Περιουσιακών τους Στοιχείων (Γενική Αποτιμητική), Η Μεθοδολογία της Αποτίμησης Περιουσιακών Στοιχείων γενικά, Αποτιμητική για τη Λήψη Αποφάσεων από τη Διοίκηση, Η Λογιστική Αποπληθωρισμού, Αποτίμηση σε Συνθήκες Αβεβαιότητας, Οι Σκοποί και οι Μέθοδοι της Χρηματοοικονομικής Διοικητικής, Αποτίμηση των Στοιχείων του Ισολογισμού, Αποτίμηση Μετοχών, Η Αποτίμηση της Φήμης και Πελατείας (Valuation of Goodwiil), Αποτίμηση μιας Επιχείρησης στο Σύνολο της, Εισαγωγή στην Αγροτική Εκτιμητική, Αγροτική Αποτιμητική (Εκτιμητική), Ειδικά Θέματα Αποτίμησης, Προχωρημένες Τεχνικές Αποτίμησης, Προσάρτημα Βιβλίου. |
| 520 ## - SUMMARY, ETC. | |
| Summary, etc. | Γενική Εισαγωγή, Αποτιμητική των Επιχειρήσεων και των Περιουσιακών τους Στοιχείων (Γενική Αποτιμητική), Η Μεθοδολογία της Αποτίμησης Περιουσιακών Στοιχείων γενικά, Αποτιμητική για τη Λήψη Αποφάσεων από τη Διοίκηση, Η Λογιστική Αποπληθωρισμού, Αποτίμηση σε Συνθήκες Αβεβαιότητας, Οι Σκοποί και οι Μέθοδοι της Χρηματοοικονομικής Διοικητικής, Αποτίμηση των Στοιχείων του Ισολογισμού, Αποτίμηση Μετοχών, Η Αποτίμηση της Φήμης και Πελατείας (Valuation of Goodwiil), Αποτίμηση μιας Επιχείρησης στο Σύνολο της, Εισαγωγή στην Αγροτική Εκτιμητική, Αγροτική Αποτιμητική (Εκτιμητική), Ειδικά Θέματα Αποτίμησης, Προχωρημένες Τεχνικές Αποτίμησης, Προσάρτημα Βιβλίου. |
| 700 1# - ΠΡΟΣΘΕΤΗ ΑΝΑΓΡΑΦΗ--ΦΥΣΙΚΟ ΠΡΟΣΩΠΟ | |
| Personal name | Φίλιος Βασίλειος Φ |
| 9 (RLIN) | 5272 |
| 942 ## - ADDED ENTRY ELEMENTS (KOHA) | |
| Koha item type | Books |
| Τύπος τεκμηρίου | Βιβλιοθήκη | Τρέχουσα τοποθεσία | Barcode | Αριθμός εισαγωγής | Ημερομηνία απόκτησης | Ταξιθετικό σύμβολο | Αριθμός αντιτύπου | Κατάσταση απόσυρσης | Κατάσταση χαμένου | Κατάσταση κατεστραμμένου | Μη δανεισμός | Σύνολο δανεισμών | Ημερομηνία τελευταίας εμφάνισης | Η τιμή ισχύει από |
|---|---|---|---|---|---|---|---|---|---|---|---|---|---|---|
| Books | MC Athens Campus Library | MC Athens Campus Library | 9780000042828 | 3923 | 05/06/2025 | 657.48 FIL V.2 | 1 | 05/06/2025 | 05/06/2025 |